000 01074nam a2200301 i 4500
005 20220317001812.0
007 ta
008 200421s20072018ck a gr 000 p spa d
020 _a9789583004971
040 _aCO-BoRNBP
_bspa
_erda
_cCO-BoRNBP
041 0 _aspa
084 _aP NIÑ1
100 1 _aNiño, Jairo Aníbal
_d1941-2010
_eautor
245 1 0 _aPreguntario
_cJairo Aníbal Niño ; ilustraciones de Henry González
250 _aPrimera edición
_bDécima reimpresión
264 1 _aBogotá
_bPanamericana Editorial
_c2007
_c2018
300 _a187 páginas
_bilustraciones
_c21 cm
336 _atexto
_btxt
_2rdacontent
337 _asin mediación
_bn
_2rdamedia
338 _avolumen
_bnc
_2rdacarrier
490 0 _aLiteratura juvenil
521 _aRecomendado para un público infantil mayor de 6 años
650 1 7 _aPoesía infantil colombiana
_ySiglo XX
_2ARMARC
650 1 7 _aLiteratura infantil colombiana
_ySiglo XX
_2ARMARC
650 1 7 _aSentimientos
_vPoesía
_2ARMARC
700 1 _aGonzález Torres, Henry Javier
_eilustrador
_910805
942 _2loc
_cBKLIT
999 _c8143
_d8143